Sistema de control estadístico de la calidad para la elaboración de productos de panadería de Auto Mercado
Guardat en:
| Autor principal: | |
|---|---|
| Altres autors: | , , |
| Format: | Llibre |
| Idioma: | Spanish |
| Publicat: |
[San José, Costa Rica]
2014.
|
| Matèries: | |
| Etiquetes: |
Afegir etiqueta
Sense etiquetes, Sigues el primer a etiquetar aquest registre!
|
MARC
| LEADER | 00000nam a2200000Ia 4500 | ||
|---|---|---|---|
| 003 | 011885 | ||
| 005 | 20230829114114.0 | ||
| 008 | 140114s2014 cr a 000 ||spa d | ||
| 040 | |c cru CEDI | ||
| 100 | |a Jiménez Calderón, Thomas |9 32 | ||
| 245 | |a Sistema de control estadístico de la calidad para la elaboración de productos de panadería de Auto Mercado | ||
| 260 | |a [San José, Costa Rica] |c 2014. | ||
| 500 | |a Proyecto de graduación (licenciatura en ingeniería industrial)--Universidad de Costa Rica. Facultad de Ingeniería. Escuela de Ingeniería Industrial | ||
| 501 | |a Directora del Proyecto: Inga. Ileana Aguilar | ||
| 650 | |x CONTROL DE CALIDAD |x ADMINISTRACION DE LA PRODUCCION |x PAN - PRODUCCION |x CORPORACION AUTOMERCADO (COSTA RICA) |x CONTROL DE CALIDAD - METODOS ESTADISTICOS |x PLANIFICACION DE LA PRODUCCION | ||
| 700 | |9 33 |a Rojas Leitón, Eric, 1986- | ||
| 700 | |9 34 |a Valverde Muñoz, Antonio | ||
| 700 | |a Aguilar Mata, Ileana, 1961- |d Directora del TFG |9 35 | ||
| 942 | |c CEDI | ||
| 999 | |c 15420 |d 15420 | ||
